00655nam a2200157Ia 4500008004100000082002400041100003300065245007900098250001900177260004800196300001800244505013700262650002300399650003600422650003900458120622s1977 mx 000 0 spa d a330.972bL864e 1977 1aLópez Gallo, Manueleautor aEconomía y política en la historia de Méxicoc/ Manuel López Gallo a13a. edición aMéxicob : Ediciones El Caballitoc, 1977 a610 páginas aMéxico Precolombino La Colonia De 1800 a 1854 El Movimiento Liberal De Díaz a Madero De la Revolución a 1940 La Época actual14aMÉXICOxHISTORIA24aMÉXICOxPOLÍTICA Y GOBIERNO24aMÉXICOxCONDICIONES ECONÓMICAS